[Event "Snorlax"]
[Site "SchemingMind.com"]
[Date "2008.07.07"]
[Round "-"]
[White "z"]
[Black "Joe Daudish"]
[Result "1-0"]
[WhiteCountry "IRQ"]
[BlackCountry "USA"]
[WhiteElo "1782"]
[WhiteRD "54"]
[BlackElo "1722"]
[BlackRD "44"]
[GameID "162547"]

1. e4 e6 2. d4 d5 3. e5 Ne7 4. f4 Ng6 5. Bd3 Be7 6. Nf3 c5 7. c3 Nc6 8. a3 Bd7 9. O-O c4 10. Bc2 b5
11. Nbd2 Nxf4 12. Nxc4 bxc4 13. Bxf4 Na5 14. Qe1 Nb3 15. Rd1 a5 16. Qg3 g6 17. Bh6 f5 18. Ng5 Bf8 19. Nxh7 Rxh7 20. Qxg6+ Rf7
21. Bxf5 Bxh6 22. Bxe6 Bxe6 23. Qxe6+ Qe7 24. Qc6+
1-0

[Event "Snorlax"]
[Site "SchemingMind.com"]
[Date "2008.07.08"]
[Round "-"]
[White "Joe Daudish"]
[Black "z"]
[Result "1-0"]
[WhiteCountry "USA"]
[BlackCountry "IRQ"]
[WhiteElo "1729"]
[WhiteRD "43"]
[BlackElo "1719"]
[BlackRD "54"]
[GameID "162548"]

1. d4 f5 2. Nf3 d6 3. Bf4 g6 4. e3 Bg7 5. Bc4 e6 6. O-O Nf6 7. h3 Qe7 8. Nbd2 O-O 9. c3 Nc6 10. Re1 Ne4
11. Qc2 Nxd2 12. Qxd2 h6 13. Bg3 Kh8 14. d5 Nd8 15. dxe6 Bxe6 16. Bxe6 Nxe6 17. Nd4 Ng5 18. Qc2 Ne4 19. Bh2 Rae8 20. a4 a6
21. Rad1 Qh4 22. Nf3 Qh5 23. Nd2 Nxd2 24. Qxd2 Be5 25. Bxe5+ Rxe5 26. Qd4 Kh7 27. b4 g5 28. Qc4 Rf7 29. f3 Rg7 30. Rd4 b5
31. axb5 axb5 32. Qd3 Kh8 33. Rd5 g4 34. hxg4 fxg4 35. Rxe5 dxe5 36. fxg4 Qxg4 37. Qd5 e4 38. Qd2 h5 39. Rf1 h4 40. Rf4 Qg3
41. Qf2 h3 42. Qxg3 Rxg3 43. Rh4+ Kg7 44. Rxh3 Rg4 45. Kf2 Kg6 46. Rh8 Kf6 47. Rh5 Rg5 48. Rxg5 Kxg5 49. Kg3 c6 50. Kh3 Kh5
51. g3 Kg5 52. g4 Kf6 53. Kh4 Kg6 54. g5 Kf5 55. Kh5
1-0

[Event "Snorlax"]
[Site "SchemingMind.com"]
[Date "2008.07.09"]
[Round "-"]
[White "mrbiggs"]
[Black "z"]
[Result "0-1"]
[WhiteCountry "USA"]
[BlackCountry "IRQ"]
[WhiteElo "1709"]
[WhiteRD "67"]
[BlackElo "1719"]
[BlackRD "54"]
[GameID "162777"]

1. e4 d6 2. d4 Nf6 3. Nc3 g6 4. Nf3 Bg7 5. Bc4 O-O 6. O-O c6 7. Bf4 b5 8. Bd3 Bb7 9. Re1 Nbd7 10. e5 Ne8
11. Qd2 a6 12. Bh6 c5 13. Bxg7 Kxg7 14. e6 fxe6 15. Ng5 Nc7 16. Qe3 Rf6 17. Be4 d5 18. Bf3 cxd4 19. Qxd4 e5 20. Qd2 h6
21. Nh3 e4 22. Be2 e5 23. b4 d4 24. Nd1 Nb6 25. c3 Ne6 26. Bg4 Nc4 27. Qc2 Qb6 28. Nb2 Rc8 29. Rac1 Nd6 30. Qb3 Nf5
31. Bxf5 Rxf5 32. cxd4 Rxc1 33. Rxc1 exd4 34. a4 Bd5 35. Qa3 Ng5 36. Nxg5 hxg5 37. axb5 axb5 38. Rf1 Qf6 39. Nd1 e3 40. Nxe3 dxe3
41. Qxe3 Rf4 42. Qc5 Bc4 43. Re1 Qd4 44. Qxd4+ Rxd4 45. f3 Kf7 46. Re4 Rxe4 47. fxe4 Ke6 48. Kf2 Ke5 49. Kf3 Be6 50. h3 Kd4
51. Ke2 Kxe4 52. Kf2 Kd4
0-1

[Event "Snorlax"]
[Site "SchemingMind.com"]
[Date "2008.07.09"]
[Round "-"]
[White "mrbiggs"]
[Black "Joe Daudish"]
[Result "1/2-1/2"]
[WhiteCountry "USA"]
[BlackCountry "USA"]
[WhiteElo "1709"]
[WhiteRD "67"]
[BlackElo "1729"]
[BlackRD "43"]
[GameID "162778"]

1. e4 e6 2. d3 d5 3. Nd2 Ne7 4. Ngf3 Ng6 5. g3 c5 6. Bg2 Be7 7. O-O O-O 8. Re1 d4 9. Nc4 Nc6 10. c3 b5
11. Na3 a6 12. cxd4 Nxd4 13. Be3 e5 14. Qd2 Bb7 15. Nc2 Qb6 16. Ncxd4 cxd4 17. Bg5 f6 18. Bh4 Rac8 19. Rac1 a5 20. Red1 Bb4
21. Qe2 Rf7 22. Ne1 Nxh4 23. gxh4 Rxc1 24. Rxc1 Rc7 25. Rxc7 Qxc7 26. Qc2 Qc8 27. Qxc8+ Bxc8 28. Nc2 Bd6 29. Kf1 Be6 30. a3 Kf7
31. Bf3 Bb3 32. Na1 Be6 33. Bd1 f5 34. Bb3 fxe4 35. Bxe6+ Kxe6 36. dxe4 h5 37. Nc2 Be7 38. Ke2 Bxh4 39. h3 Bg5 40. Kd1 Bh4
41. f3 Bg5 42. Ne1 Be7 43. Kc2 a4 44. Ng2 g5 45. Kd3 Kd6 46. Kc2 h4 47. Ne1 Bd8 48. b3 axb3+ 49. Kxb3 Ba5 50. Nd3 Bc3
51. a4 bxa4+ 52. Kxa4 Bd2 53. Kb3 Bf4 54. Kc2 Kc6 55. Kd1 Kb5 56. Kc2 Ka4 57. Nc5+ Kb4 58. Nd3+ Kc4 59. Nb2+ Kb4 60. Nd3+ Ka3
61. Nb2 Ka2 62. Nd3 Bg3 63. Nb4+ Ka3 64. Nd3=
1/2-1/2

[Event "Snorlax"]
[Site "SchemingMind.com"]
[Date "2008.07.09"]
[Round "-"]
[White "z"]
[Black "mrbiggs"]
[Result "0-1"]
[WhiteCountry "IRQ"]
[BlackCountry "USA"]
[WhiteElo "1719"]
[WhiteRD "54"]
[BlackElo "1709"]
[BlackRD "67"]
[GameID "162779"]

1. e4 e5 2. Nf3 Nf6 3. d4 Nxe4 4. Bd3 d5 5. dxe5 Nc6 6. O-O Bc5 7. Be3 Bxe3 8. fxe3 O-O 9. a3 Re8 10. Nc3 Nxc3
11. bxc3 Nxe5 12. Rb1 Rb8 13. Ba6 c6 14. Nxe5 Rxe5 15. Qd4 Re7 16. Qxa7 Qc7 17. Rb6 Rxe3 18. Rfb1 Qf4 19. Bxb7 Re2 20. R6b4 Qg5
21. g3 Qd2 22. Rh4 Re1+ 23. Rxe1 Qxe1+ 24. Kg2 Rxb7 25. Qa8 Qe8 26. Qa4 h6 27. c4 Bd7 28. cxd5 cxd5 29. Qd4 Qe2+ 30. Kg1 Rb1+
0-1

[Event "Snorlax"]
[Site "SchemingMind.com"]
[Date "2008.07.10"]
[Round "-"]
[White "Joe Daudish"]
[Black "mrbiggs"]
[Result "0-1"]
[WhiteCountry "USA"]
[BlackCountry "USA"]
[WhiteElo "1722"]
[WhiteRD "44"]
[BlackElo "1697"]
[BlackRD "70"]
[GameID "162780"]

1. d4 d5 2. Nf3 Nf6 3. Bf4 Bf5 4. h3 e6 5. e3 c5 6. Bd3 Ne4 7. c3 c4 8. Bc2 Nc6 9. Nbd2 Nxd2 10. Bxf5 Nxf3+
11. Qxf3 exf5 12. O-O Bd6 13. Bxd6 Qxd6 14. Qxf5 O-O 15. Rfe1 Rfe8 16. e4 dxe4 17. Rxe4 Rxe4 18. Qxe4 Rd8 19. Re1 h6 20. Re3 Qg6
21. Qxg6 fxg6 22. f4 Kf7 23. Kf2 Re8 24. Rf3 Rd8 25. Re3 Rd6 26. Kf3 Re6 27. Rxe6 Kxe6 28. Ke4 Kd6 29. g4 Ne7 30. h4 b5
31. f5 gxf5+ 32. gxf5 Ng8 33. a3 a5 34. d5 Nf6+
0-1

[Event "Snorlax"]
[Site "SchemingMind.com"]
[Date "2008.07.16"]
[Round "-"]
[White "Zugzwang"]
[Black "z"]
[Result "0-1"]
[WhiteCountry "CAN"]
[BlackCountry "IRQ"]
[WhiteElo "1494"]
[WhiteRD "57"]
[BlackElo "1719"]
[BlackRD "54"]
[GameID "163645"]

1. d4 f5 2. g3 e6 3. Bg2 Nf6 4. c4 Bb4+ 5. Bd2 Be7 6. Nc3 O-O 7. e4 fxe4 8. Nxe4 d6 9. Nc3 Qe8 10. Nf3 c6
11. O-O Na6 12. a3 Nc7 13. b4 Bd7 14. Re1 Rd8 15. Ne4 Nxe4 16. Rxe4 Bf6 17. Rc1 Qg6 18. Qc2 Rde8 19. Nh4 Bxh4 20. gxh4 e5
21. h3 Bxh3 22. Bg5 Bxg2 23. Kxg2 h6 24. Rg4 Qxc2 25. Rxc2 hxg5 26. Rxg5 exd4 27. h5 Rf6 28. Rd2 Re4 29. Rd3 Ne6
0-1

[Event "Snorlax"]
[Site "SchemingMind.com"]
[Date "2008.07.16"]
[Round "-"]
[White "Zugzwang"]
[Black "mrbiggs"]
[Result "0-1"]
[WhiteCountry "CAN"]
[BlackCountry "USA"]
[WhiteElo "1493"]
[WhiteRD "56"]
[BlackElo "1697"]
[BlackRD "70"]
[GameID "163646"]

1. d4 d5 2. Nf3 Nf6 3. e3 e6 4. Bd3 c5 5. c3 Nc6 6. O-O Bd6 7. Nbd2 O-O 8. Qe2 e5 9. dxc5 Bxc5 10. e4 d4
11. Nb3 Bb6 12. cxd4 exd4 13. Nbxd4 Nxd4 14. Nxd4 Bxd4 15. Re1 Re8 16. Bg5 Qd6 17. Rad1 Qe5 18. Qf3 Bxb2 19. Bc4 Be6 20. Bxe6 Rxe6
21. Qh3 Qxg5
0-1

[Event "Snorlax"]
[Site "SchemingMind.com"]
[Date "2008.07.15"]
[Round "-"]
[White "Zugzwang"]
[Black "Joe Daudish"]
[Result "1-0"]
[WhiteCountry "CAN"]
[BlackCountry "USA"]
[WhiteElo "1493"]
[WhiteRD "56"]
[BlackElo "1722"]
[BlackRD "44"]
[GameID "163647"]

1. d4 d5 2. Nf3 Nf6 3. e3 e6 4. Bd3 Be7 5. O-O c5 6. Nbd2 Nc6 7. Qe2 Bd7 8. c3 c4 9. Bc2 b5 10. e4 dxe4
11. Nxe4 a5 12. Nc5 O-O 13. b4 axb4 14. Be4 Nxe4 15. Nxe4 bxc3 16. Re1 Bb4 17. Nfg5 h6 18. Qh5 Nxd4 19. Re3 f5 20. Rh3 Ne2+
21. Qxe2 fxe4 22. Nxe4 Bc6 23. Bxh6 gxh6 24. Qg4+ Kh7 25. Ng5+ Kg6 26. Nxe6+ Kf7 27. Nxd8+ Raxd8 28. Re1 Rd6 29. Qf5+ Rf6 30. Qh7#
1-0

[Event "Snorlax"]
[Site "SchemingMind.com"]
[Date "2008.07.16"]
[Round "-"]
[White "z"]
[Black "Zugzwang"]
[Result "0-1"]
[WhiteCountry "IRQ"]
[BlackCountry "CAN"]
[WhiteElo "1719"]
[WhiteRD "54"]
[BlackElo "1494"]
[BlackRD "57"]
[GameID "163648"]

1. e4 e5 2. Nf3 Nf6 3. d3 Nc6 4. c3 d5 5. Nbd2 Bc5 6. Be2 O-O 7. O-O Be6 8. a4 a6 9. h3 Nh5 10. Re1 Ng3
11. Nf1 Nxe2+ 12. Qxe2 f5 13. exf5 Bxf5 14. Bg5 Qd7 15. Rad1 Bxh3 16. gxh3 Qxh3 17. N1h2 Rf5 18. Bh4 Rh5 19. Bg3 Qxg3+ 20. Kh1 Qh3
21. Qf1 Rf8 22. Qxh3 Rxh3 23. Ng1 Rh5 24. Kg2 Rxf2+ 25. Kg3 Rfxh2 26. Nf3 R5h3+ 27. Kg4 h5+ 28. Kf5 Rxf3+ 29. Ke6 d4 30. Kd5 Bd6
31. c4 Rxb2 32. c5 Be7 33. Ke4 Rf6 34. Rb1 Nb4 35. Rxb2 Rf4+
0-1

[Event "Snorlax"]
[Site "SchemingMind.com"]
[Date "2008.07.16"]
[Round "-"]
[White "mrbiggs"]
[Black "Zugzwang"]
[Result "0-1"]
[WhiteCountry "USA"]
[BlackCountry "CAN"]
[WhiteElo "1709"]
[WhiteRD "67"]
[BlackElo "1494"]
[BlackRD "57"]
[GameID "163649"]

1. e4 e5 2. f4 exf4 3. Nf3 g5 4. Bc4 g4 5. O-O gxf3 6. Qxf3 Qf6 7. e5 Qxe5 8. Bxf7+ Kxf7 9. d4 Qxd4+ 10. Be3 Qf6
11. Bxf4 Ne7 12. Nc3 Nf5 13. Nd5 Qg6 14. Be5 Rg8 15. Nf4 d6 16. Nxg6 hxg6 17. Qd5+ Be6 18. Qxb7 Be7 19. Qxa8 dxe5 20. Qxa7 Bc4
21. Rfe1 Nd7 22. Qxc7 Be6 23. a4 Bc5+ 24. Kh1 Rh8 25. h3 Bd6 26. Qc3 Rh4 27. Rf1 Ke7 28. a5 e4 29. a6 Ng3+ 30. Qxg3 Bxg3
31. a7 Bd5 32. Rfd1 Bc6 33. b4 e3 34. c3 Rxh3+ 35. Kg1 Bf2+
0-1

[Event "Snorlax"]
[Site "SchemingMind.com"]
[Date "2008.07.15"]
[Round "-"]
[White "Joe Daudish"]
[Black "Zugzwang"]
[Result "1-0"]
[WhiteCountry "USA"]
[BlackCountry "CAN"]
[WhiteElo "1722"]
[WhiteRD "44"]
[BlackElo "1493"]
[BlackRD "56"]
[GameID "163650"]

1. d4 f5 2. Nf3 Nf6 3. Bf4 e6 4. e3 d5 5. Bd3 Be7 6. Ne5 Nc6 7. Nxc6 bxc6 8. h3 O-O 9. O-O Nd7 10. Nd2 Nb6
11. c4 Bd7 12. c5 Nc8 13. b4 a5 14. a3 Rf6 15. Nf3 Be8 16. Qd2 Bh5 17. Ne5 Na7 18. bxa5 Bf8 19. Bg5 g6 20. Bxf6 Qxf6
21. Nd7 Qg5 22. Be2 Bxe2 23. Qxe2 Bh6 24. f4 Qe7 25. Ne5 Nb5 26. Nxc6 Qh4 27. Qxb5
1-0

[Event "Snorlax"]
[Site "SchemingMind.com"]
[Date "2008.07.16"]
[Round "-"]
[White "toguints"]
[Black "Zugzwang"]
[Result "1-0"]
[WhiteCountry "PHI"]
[BlackCountry "CAN"]
[WhiteElo "1460"]
[WhiteRD "79"]
[BlackElo "1494"]
[BlackRD "57"]
[GameID "163692"]

1. d4 f5 2. e3 Nf6 3. g3 e6 4. Bg2 c6 5. Nc3 d5 6. Nge2 Bd6 7. O-O O-O 8. f3 Nbd7 9. e4 fxe4 10. fxe4 dxe4
11. Bg5 h6 12. Bxf6 Nxf6 13. Nxe4 e5 14. c3 Bg4 15. h3 Bxe2 16. Qxe2 Nxe4 17. Bxe4 Qg5 18. g4 h5 19. Kh1 exd4 20. gxh5 Qh4
21. Qg2 Qxh5 22. cxd4 Rae8 23. Bg6 Qb5 24. Bxe8 Rxe8 25. Rg1 Bf8 26. Rae1 Rxe1 27. Rxe1 Qc4 28. Qe4 Qxa2 29. Qe6+ Qxe6 30. Rxe6 a5
31. Re5 b5 32. Re8 a4 33. Rc8 b4 34. Rxc6 a3 35. b3 Be7 36. Ra6 Bf6 37. d5 Be5 38. Kg2 Kf8 39. Kf3 g5 40. Ke4 Bc3
41. d6 Ke8 42. Kd5 Kd8 43. Ke6 Bd2 44. Ra8#
1-0

[Event "Snorlax"]
[Site "SchemingMind.com"]
[Date "2008.07.16"]
[Round "-"]
[White "toguints"]
[Black "z"]
[Result "1-0"]
[WhiteCountry "PHI"]
[BlackCountry "IRQ"]
[WhiteElo "1460"]
[WhiteRD "79"]
[BlackElo "1719"]
[BlackRD "54"]
[GameID "163693"]

1. d4 d5 2. Nc3 Nf6 3. Bg5 Nbd7 4. Nf3 g6 5. e3 Bg7 6. Bd3 O-O 7. Bxf6 Nxf6 8. e4 dxe4 9. Bxe4 Nxe4 10. Nxe4 Bg4
11. Qd3 Bxf3 12. Qxf3 Qxd4 13. c3 Qb6 14. b4 a5 15. Rb1 axb4 16. Rxb4 Qc6 17. Rxb7 Rxa2 18. O-O Rfa8 19. g3 h6 20. Rc1 R8a6
21. Rcb1 Rc2 22. Rb8+ Kh7 23. Qd3 Raa2 24. Qf3 f5 25. Ng5+ hxg5 26. Qxc6 Rxf2 27. Rf1 Rxh2 28. Ra8 Rac2 29. Re1 Bxc3 30. Rxe7+ Bg7
31. Qf6 Rcg2+ 32. Kf1 Rf2+ 33. Ke1 Re2+ 34. Kd1 Rd2+ 35. Kc1 Rc2+ 36. Kb1 Rb2+ 37. Ka1
1-0

[Event "Snorlax"]
[Site "SchemingMind.com"]
[Date "2008.07.16"]
[Round "-"]
[White "toguints"]
[Black "mrbiggs"]
[Result "0-1"]
[WhiteCountry "PHI"]
[BlackCountry "USA"]
[WhiteElo "1460"]
[WhiteRD "79"]
[BlackElo "1709"]
[BlackRD "67"]
[GameID "163694"]

1. d4 d5 2. Nc3 Nf6 3. Bg5 c6 4. e3 e6 5. e4 dxe4 6. Nxe4 Be7 7. Bxf6 Bxf6 8. Nf3 O-O 9. Be2 Be7 10. c4 Nd7
11. O-O Nf6 12. Qc2 Nxe4 13. Qxe4 Bf6 14. Bd3 g6 15. b4 Qd6 16. c5 Qd5 17. Qf4 Kg7 18. Be4 Qc4 19. a3 Rd8 20. Ne5 Qxd4
21. Rad1 Qxd1 22. Ng4 Qd4 23. Qh6+ Kg8 24. g3 Bg7 25. Qe3 Qxe3 26. fxe3 e5 27. Nf2 Be6 28. h4 Bd5 29. Rd1 Bxe4 30. Rxd8+ Rxd8
31. Nxe4 Rd1+ 32. Kf2 Ra1 33. Nd6 Rxa3 34. Nxb7 Rb3 35. Nd8 Rxb4 36. Nxc6 Rb2+ 37. Kf3 Ra2 38. Nd8 Bf6 39. Nb7 Rc2 40. Ke4 a5
41. Kd5 a4 42. c6 a3 43. Nc5 Bd8 44. Nb3 a2 45. Na1 Rc1 46. Nb3 Rb1 47. Nc5 a1=Q 48. Nb7 Rb5+ 49. Kd6 Qd1#
0-1

[Event "Snorlax"]
[Site "SchemingMind.com"]
[Date "2008.07.16"]
[Round "-"]
[White "toguints"]
[Black "Joe Daudish"]
[Result "0-1"]
[WhiteCountry "PHI"]
[BlackCountry "USA"]
[WhiteElo "1460"]
[WhiteRD "79"]
[BlackElo "1729"]
[BlackRD "43"]
[GameID "163695"]

1. d4 d5 2. Nc3 Nf6 3. Bg5 e6 4. e4 dxe4 5. Nxe4 Be7 6. Bxf6 Bxf6 7. Nf3 Bd7 8. c3 Bc6 9. Bd3 Nd7 10. O-O Be7
11. a4 Nf6 12. Nxf6+ Bxf6 13. b4 a6 14. Qc2 h6 15. c4 Bxf3 16. gxf3 Qxd4 17. Rad1 Qc3 18. Qxc3 Bxc3 19. b5 axb5 20. axb5 Ke7
21. f4 Ra4 22. Rc1 Bd2 23. Rb1 Bxf4 24. b6 c6 25. Ra1 Rha8 26. Rxa4 Rxa4 27. c5 Ra5 28. Rb1 Rxc5 29. Kg2 Ra5 30. Kf3 Bd6
31. Rb2 f5 32. Ke3 Bxh2 33. f4 Bg1+ 34. Kf3 Bd4 35. Rg2 Ra3 36. Ke2 Rb3 37. Bc4 Rb2+ 38. Kf3 Rxg2 39. Kxg2 Bxb6 40. Kf3 Bd4
41. Ke2 g5 42. Kd3 Bf6 43. Ke3 b5 44. Bb3 Kd6 45. Kf3 e5 46. fxg5 hxg5 47. Bc2 e4+ 48. Ke3 Ke5 49. Bb3 f4+ 50. Kf2 g4
51. Bd1 g3+ 52. Kg2 c5 53. Kh3 c4 54. Be2 Be7 55. Kg2 Bc5 56. Kf1 Kd4 57. Kg2 f3+ 58. Kxg3 fxe2 59. Kf2 Kd3+ 60. Ke1 Bb4+
61. Kf2 e3+ 62. Kg1 e1=Q+ 63. Kh2 Qd2+ 64. Kg1 e2 65. Kf2 e1=Q+ 66. Kf3 Qe4+ 67. Kg3 Qdg2#
0-1

[Event "Snorlax"]
[Site "SchemingMind.com"]
[Date "2008.07.19"]
[Round "-"]
[White "Zugzwang"]
[Black "toguints"]
[Result "0-1"]
[WhiteCountry "CAN"]
[BlackCountry "PHI"]
[WhiteElo "1493"]
[WhiteRD "56"]
[BlackElo "1379"]
[BlackRD "92"]
[GameID "163696"]

1. d4 d5 2. Nf3 Nf6 3. e3 e6 4. Bd3 Be7 5. O-O Nc6 6. Nbd2 b6 7. Qe2 O-O 8. c3 Bd6 9. e4 Bb7 10. e5 Ng4
11. exd6 Qxd6 12. Ng5 Qxh2#
0-1

[Event "Snorlax"]
[Site "SchemingMind.com"]
[Date "2008.07.19"]
[Round "-"]
[White "z"]
[Black "toguints"]
[Result "1-0"]
[WhiteCountry "IRQ"]
[BlackCountry "PHI"]
[WhiteElo "1719"]
[WhiteRD "54"]
[BlackElo "1460"]
[BlackRD "79"]
[GameID "163697"]

1. e4 c5 2. Nf3 Nc6 3. d4 cxd4 4. Nxd4 Nf6 5. Nc3 a6 6. f4 e5 7. Nf5 g6 8. Nd6+ Bxd6 9. Qxd6 Qe7 10. Qxe7+ Kxe7
11. fxe5 Nxe5 12. Bg5 Ke6 13. Bxf6 Kxf6 14. O-O-O b5 15. Be2 Bb7 16. Rhf1+ Ke6 17. g4 b4 18. Na4 Bxe4 19. Nc5+ Ke7 20. Nxe4 a5
21. g5 Rad8 22. Rd5 Ke6 23. Rxa5 Nc6 24. Rf6+ Ke7 25. Rd5 h5 26. Nd6 Ra8 27. Bc4 Ra5 28. Rxa5 Nxa5 29. Bxf7 Rb8 30. Bxg6 Rb6
31. Ne4 Rb5 32. h4 Nc6 33. Bxh5 Nd4 34. Bg4 Re5 35. Nc5 Rxc5 36. Rf2 Ra5 37. g6 Rxa2 38. g7 Ra8 39. h5 Ne6 40. Bxe6 Kxe6
41. h6 Rg8 42. Rf8 Rxf8 43. gxf8=Q d5 44. h7 Kd7 45. h8=Q d4 46. Qfh6 Kc7 47. Q8g7+ Kd8 48. Qhh8#
1-0

[Event "Snorlax"]
[Site "SchemingMind.com"]
[Date "2008.07.21"]
[Round "-"]
[White "mrbiggs"]
[Black "toguints"]
[Result "1-0"]
[WhiteCountry "USA"]
[BlackCountry "PHI"]
[WhiteElo "1709"]
[WhiteRD "67"]
[BlackElo "1460"]
[BlackRD "79"]
[GameID "163698"]

1. e4 c5 2. Nf3 Nc6 3. Bc4 e6 4. O-O Nf6 5. Nc3 Bd6 6. Re1 e5 7. Nd5 O-O 8. d3 Nxd5 9. Bxd5 Nb4 10. Bc4 Be7
11. Nxe5 d5 12. exd5 Nxd5 13. Qf3 Be6 14. Ng4 Bxg4 15. Qxg4 b5 16. Bxb5 Qa5 17. Bh6 Bf6 18. Bc4 Rfe8 19. c3 Nb6 20. Bb3 g6
21. Qf4 Nd7 22. Bd5 Rad8 23. Bc6 Rxe1+ 24. Rxe1 Bg7 25. Bxd7 Bxh6 26. Qxh6 Qc7 27. Bg4 f5 28. Bf3 Qg7 29. Qxg7+ Kxg7 30. Re7+ Kf6
31. Rxa7 Rxd3 32. Rxh7 Rd2 33. Rb7 g5 34. Kf1 g4 35. Be2 Kg5 36. Ke1 Rd8 37. Rb5 Ra8 38. Bc4 Re8+ 39. Kf1 Re5 40. g3 f4
41. gxf4+ Kxf4 42. Kg2 Rh5 43. a4 Ke4 44. a5 Rh6 45. Rxc5 Rd6 46. a6 Rd2 47. a7 Rxb2 48. a8=Q+ Kf4 49. Qf8+ Ke4 50. Qf5#
1-0

[Event "Snorlax"]
[Site "SchemingMind.com"]
[Date "2008.07.21"]
[Round "-"]
[White "Joe Daudish"]
[Black "toguints"]
[Result "1-0"]
[WhiteCountry "USA"]
[BlackCountry "PHI"]
[WhiteElo "1729"]
[WhiteRD "43"]
[BlackElo "1460"]
[BlackRD "79"]
[GameID "163699"]

1. d4 d5 2. Nf3 Nc6 3. Bf4 Bg4 4. c3 e6 5. Nbd2 Nf6 6. e3 Be7 7. Be2 O-O 8. h3 Bxf3 9. Bxf3 a6 10. O-O b5
11. a3 Na5 12. b4 Nb7 13. a4 c6 14. axb5 axb5 15. Nb3 Rxa1 16. Qxa1 Nd6 17. Bxd6 Bxd6 18. Qa6 Qa8 19. Ra1 Qc8 20. Qxc8 Rxc8
21. Ra6 Nd7 22. e4 Nb8 23. Ra8 Bc7 24. e5 Rd8 25. Nc5 g6 26. Na6 Rc8 27. Nxc7 Rxc7 28. Rxb8+ Kg7 29. Ra8 f5 30. exf6+ Kxf6
31. g3 h5 32. h4 Rf7 33. Kg2 e5 34. dxe5+ Kxe5 35. Re8+ Kd6 36. g4 Kd7 37. Re3 Rg7 38. Kg3 Kd6 39. Be2 c5 40. Bxb5 cxb4
41. cxb4 d4 42. Rd3 Ke5 43. f3 Rb7 44. Be8 hxg4 45. Kxg4 Rxb4 46. Bxg6 Kf6 47. Be4 Rc4 48. h5 Ke5 49. h6 Rc3 50. Rxc3 dxc3
51. h7 Kd4 52. h8=Q+ Kc4 53. Bc2 Kb4 54. Qd4+ Kb5 55. Qxc3 Kb6 56. Kf5 Kb5 57. Ke6 Kb6 58. Kd6 Kb7 59. Be4+ Ka6 60. Qb2 Ka7
61. Kc6 Ka8 62. Qb7#
1-0

[Event "Snorlax"]
[Site "SchemingMind.com"]
[Date "2008.07.18"]
[Round "-"]
[White "rao"]
[Black "Zugzwang"]
[Result "1-0"]
[WhiteCountry "INT"]
[BlackCountry "CAN"]
[WhiteElo "1540"]
[WhiteRD "70"]
[BlackElo "1494"]
[BlackRD "57"]
[GameID "163888"]

1. e4 e5 2. Bc4 Nf6 3. d3 d5 4. exd5 Nxd5 5. Qf3 Be6 6. Nc3 Bb4 7. Ne2 O-O 8. Bd2 Nxc3 9. Nxc3 Nc6 10. O-O Bxc4
11. Qg3 Be6 12. Bh6 Qf6 13. Be3 Bxc3 14. bxc3 Rfe8 15. d4 exd4 16. cxd4 Nxd4 17. Qxc7 Rac8 18. Qxb7 Nxc2 19. Rac1 Nxe3 20. fxe3 Rxc1
21. Rxc1 h6 22. Qxa7 Rd8 23. Rf1 Qg5 24. Qb6 Bh3 25. Qb2 Qxe3+ 26. Qf2 Qxf2+ 27. Rxf2 Be6 28. a4 Bc4 29. Rc2 Rd1+ 30. Kf2 Bb3
31. Rc8+ Kh7 32. a5 g5 33. a6 Bd5 34. Rd8 Bb3 35. Rb8 Bc4 36. a7 Ra1 37. a8=Q Rxa8 38. Rxa8 f5 39. Ra7+ Kg6 40. g3 h5
41. Ke3 g4 42. Rc7 Bb5 43. Rc5 Bd7 44. Kf4 Kf6 45. Ra5 Bc8= 46. Rb5 Be6 47. Rb6 Ke7 48. Kg5 h4 49. Kxh4 Kf6 50. Kh5 Ke5
51. Kg5 Bd7 52. Rb7 Be6 53. Rb5+ Bd5 54. Rxd5+ Kxd5 55. Kxf5
1-0

[Event "Snorlax"]
[Site "SchemingMind.com"]
[Date "2008.07.19"]
[Round "-"]
[White "rao"]
[Black "toguints"]
[Result "1-0"]
[WhiteCountry "INT"]
[BlackCountry "PHI"]
[WhiteElo "1540"]
[WhiteRD "70"]
[BlackElo "1460"]
[BlackRD "79"]
[GameID "163889"]

1. e4 c5 2. Bc4 e6 3. d3 Nc6 4. Nf3 d5 5. exd5 exd5 6. Qe2+ Be7 7. Bb5 Bd7 8. Nc3 Qa5 9. Bd2 Nf6 10. Bxc6 Bxc6
11. Nxd5 Qd8 12. Nxf6+ gxf6 13. Bc3 Qd6 14. O-O Bb5 15. a4 Ba6 16. Rfe1 O-O-O 17. Qxe7 Qxe7 18. Rxe7 Rd7 19. Rxd7 Kxd7 20. Bxf6 Re8
21. c4 Re6 22. Bc3 b6 23. h3 Bb7 24. Ng5 Re7 25. Nxh7 f5 26. Nf6+ Ke6 27. Nh5 Rh7 28. Re1+ Kd6 29. Be5+ Kc6 30. Nf6 Rf7
31. Bc3 Kc7 32. Ne8+ Kd7 33. Nf6+ Kc6 34. Re6+ Kc7 35. Be5+ Kd8 36. Re8#
1-0

[Event "Snorlax"]
[Site "SchemingMind.com"]
[Date "2008.07.18"]
[Round "-"]
[White "rao"]
[Black "z"]
[Result "1-0"]
[WhiteCountry "INT"]
[BlackCountry "IRQ"]
[WhiteElo "1540"]
[WhiteRD "70"]
[BlackElo "1719"]
[BlackRD "54"]
[GameID "163890"]

1. e4 d5 2. e5 Bf5 3. d4 e6 4. h3 h5 5. Nf3 c5 6. Bb5+ Nc6 7. Bg5 f6 8. Bh4 Qa5+ 9. Nc3 O-O-O 10. Bxc6 bxc6
11. exf6 gxf6 12. Bg3 Bg7 13. O-O Be4 14. dxc5 Qxc5 15. Nd4 Re8 16. Nxe4 dxe4 17. c3 Qd5 18. Qa4 Kb7 19. Qb4+ Ka8 20. Rad1 Nh6
21. Nb3 Qb5 22. Qxe4 f5 23. Qf4 e5 24. Qg5 Qb7 25. Qg6 f4 26. Bh4 Qf7 27. Qxc6+ Qb7 28. Na5 Qxc6 29. Nxc6 Kb7 30. Nb4 Nf5
31. Rd7+ Kc8 32. Rxa7 Rhg8 33. Bg5 Bf8 34. Bf6 Re6 35. Nd5 Rd6 36. c4 h4 37. Bxe5 Rdg6 38. Nxf4 Bc5 39. Rc7+ Kd8 40. Rxc5 Rg5
41. Rd1+ Ke8 42. Rc8+ Kf7 43. Rc7+ Ke8 44. Bf6
1-0

[Event "Snorlax"]
[Site "SchemingMind.com"]
[Date "2008.07.18"]
[Round "-"]
[White "rao"]
[Black "mrbiggs"]
[Result "0-1"]
[WhiteCountry "INT"]
[BlackCountry "USA"]
[WhiteElo "1540"]
[WhiteRD "70"]
[BlackElo "1709"]
[BlackRD "67"]
[GameID "163891"]

1. e4 e5 2. Nf3 Nf6 3. Nc3 Nc6 4. Bc4 Bc5 5. d3 O-O 6. Bg5 h6 7. Bh4 Re8 8. Nd5 Be7 9. Nxe7+ Qxe7 10. c3 Na5
11. Bb3 Nxb3 12. axb3 d6 13. h3 Qe6 14. O-O Bd7 15. Qd2 d5 16. exd5 Nxd5 17. Bg3 f6 18. Nh4 Qb6 19. c4 Nb4 20. Qe2 Rad8
21. Rfc1 Qd4 22. Rd1 a6 23. Nf3 Qb6 24. Nh4 Bc6 25. Nf5 Bd7 26. Ne3 f5 27. Bh4 g5 28. Bxg5 hxg5 29. Qh5 Qf6 30. Qf3 Bc6
31. Qe2 Kf7 32. Nc2 Nxc2 33. Qxc2 Ke7 34. d4 exd4 35. Re1+ Kd7 36. Red1 Kc8 37. b4 Be4 38. Qa4 Re6 39. b5 g4 40. hxg4 fxg4
41. bxa6 Rxa6 42. Qb5 Rf8 43. Rf1 Rxa1 44. f3 Rxf1+ 45. Kxf1 gxf3 46. g3 f2 47. Qa5 Bd3+ 48. Kg2 f1=Q+ 49. Kh2 Rh8+ 50. Qh5 Rxh5#
0-1

[Event "Snorlax"]
[Site "SchemingMind.com"]
[Date "2008.07.21"]
[Round "-"]
[White "rao"]
[Black "Joe Daudish"]
[Result "0-1"]
[WhiteCountry "INT"]
[BlackCountry "USA"]
[WhiteElo "1540"]
[WhiteRD "70"]
[BlackElo "1729"]
[BlackRD "43"]
[GameID "163892"]

1. e4 e6 2. Bc4 c6 3. d3 d5 4. exd5 cxd5 5. Bb3 Nf6 6. Bg5 Be7 7. Nc3 h6 8. Bh4 Bd7 9. Nf3 Nc6 10. a3 O-O
11. d4 a6 12. Ne2 Na5 13. c3 Nxb3 14. Qxb3 b5 15. Ne5 Ne4 16. Bxe7 Qxe7 17. Nxd7 Qxd7 18. Qc2 Qc7 19. Qd3 Nd6 20. b3 Rfc8
21. O-O Qb6 22. Ng3 Rc7 23. Nh5 Ne4 24. Rac1 Rac8 25. c4 bxc4 26. bxc4 Rxc4 27. Rcd1 Qb2 28. Qf3 Rxd4 29. Qg4 g6 30. Nf6+ Nxf6
31. Qxd4 Qxd4 32. Rxd4 Rc3 33. f3 Rxa3 34. Rb1 Nd7 35. Rb7 Nc5 36. Rc7 Nd3 37. Kf1 a5 38. Ra7 Ne5 39. Rd2 Nc4 40. Rc2 Ne3+
41. Ke2 Nxc2 42. Kd2 Nd4 43. Ra8+ Kg7 44. h4 h5 45. Rc8 Nxf3+ 46. gxf3 Rxf3 47. Ra8 Rf4 48. Rxa5 Rxh4 49. Ke3 Re4+ 50. Kf3 f5
51. Ra6 Kf6 52. Ra8 g5 53. Rf8+ Ke5 54. Rg8 Rg4 55. Rh8 h4 56. Rh5 Rg3+ 57. Kf2 Ke4 58. Rh6 e5 59. Ra6 Rb3 60. Ra4+ d4
61. Ra1 Rb2+ 62. Kg1 f4 63. Re1+ Kf5 64. Kh1 f3 65. Rd1 Kf4 66. Rc1 d3 67. Kg1 Re2 68. Rc3 e4 69. Kf1 d2 70. Rc2 d1=Q#
0-1